[Event "32nd GER-ch Seniors-65 2020"]
[Site "Magdeburg"]
[Date "2020.08.21"]
[Round "8.4"]
[White "Rosen, Willy"]
[Black "Schulz, Michael"]
[Result "1/2-1/2"]
[WhiteElo "2165"]
[BlackElo "2132"]
[Annotator "TA"]
[PlyCount "92"]
[EventDate "2020.08.14"]
[EventType "swiss"]
[EventCountry "GER"]
[SourceTitle "playchess.com"]
[Source "ChessBase"]
[SourceQuality "1"]

{[%evp 11,92,-4,-10,-22,-12,-35,-30,-18,0,0,2,-7,14,0,0,-38,-25,-48,-43,-27,-20,-22,-26,-14,-12,-60,-72,-109,-88,-92,-87,-78,-51,-50,-28,-345,-352,-356,-343,-358,-349,-1143,-286,-294,-43,-43,-43,-43,-43,-41,-39,-40,-40,-44,-29,-21,-22,-16,-27,-61,-64,-79,-79,-79,0,-56,0,-71,0,0,4,-19,89,0,62,7,43,29,142,41,37,0,22]} 1. e4 c5 2. Nc3 Nc6 3. f4 g6 4. Nf3 Bg7 5. Bb5 Nd4 6. O-O a6 7. Bc4 {B23: Closed Sicilian: Lines without g3.} b5 8. Bd5 Rb8 {aiming for ...e6.} 9. d3 {Black has an edge.} Nf6 (9... e6 $5 10. Bb3 $8 Bb7 $11) 10. Bb3 $1 {[#]} Nxf3+ $146 ({Predecessor:} 10... Nxb3 11. axb3 O-O 12. Qe1 d5 13. Nxd5 Nxd5 14. exd5 Qxd5 15. Qxe7 Bb7 16. Qg5 f5 {0-1 (43) Smith,R (2199)-Ker,A (2321) Wellington 2019}) 11. Qxf3 Bb7 12. f5 e6 13. fxg6 fxg6 14. Bf4 {Threatens to win with Bd6.} Rc8 15. Rae1 c4 16. dxc4 bxc4 17. Ba4 O-O $36 {[%mdl 2048] Black has good play.} 18. Qh3 Nh5 19. Bd2 Rxf1+ 20. Rxf1 Qe7 21. Qe3 Be5 (21... Qd6 $5 {[%cal Rg7d4]} 22. Kh1 (22. Qf2 $2 Rf8 $19) 22... Rf8 23. Rxf8+ Qxf8 $17) 22. Ne2 $1 Nf6 {Hoping for ...Bxh2+!} 23. Bc3 $2 {[%mdl 8192]} (23. Qg5 $1 $11 Qd6 24. Bf4 Bxf4 25. Qxf4 Qc5+ 26. Kh1) 23... Ng4 $19 24. Qh3 Bxh2+ 25. Kh1 h5 26. Nf4 $2 (26. Qf3) 26... Bxf4 $2 (26... Rf8 27. Be1 Bxf4) 27. Rxf4 {[#]} Qd6 $2 ({Black should play} 27... Rf8 $1 $19 {[%cal Rf8f4]} 28. Rxg4 Rf1+ 29. Kh2 hxg4 30. Qxg4 Kf7) 28. Rxg4 $1 $15 Qd1+ {[%mdl 64] Double Attack} ({Don't go for} 28... hxg4 $2 29. Qh8+ Kf7 30. Qh7+ Ke8 31. Qxg6+ Kd8 32. Qg5+ Ke8 33. Qg8+ Ke7 34. Qg7+ Ke8 35. e5 $18) 29. Kh2 Qxg4 30. Qxg4 hxg4 31. Bxd7 {[%mdl 4160] Endgame Double Attack. KRB-KB} Rf8 32. Bxe6+ Kh7 33. Bxc4 Bxe4 {White must now prevent ...Rf2.} 34. Kg3 Ra8 35. Bd3 Bf5 36. Kf4 Rf8 37. Kg3 Ra8 38. Kf4 $1 Rf8 {...Bxd3+ is the strong threat.} 39. Kg3 $1 a5 (39... Bxd3 $17 40. cxd3 Kg8) 40. Bxa5 $11 Ra8 41. Bc3 Rf8 (41... Rxa2 $11 {remains equal.} 42. Kf4 Ra4+ 43. Ke3 Ra1) 42. Ba6 (42. a4 $16) 42... Kh6 ({Black should try} 42... Ra8 $11 43. Bc4 Bxc2) 43. Bc4 (43. a4 $14) 43... Ra8 44. Bb3 Kh5 {[#]} (44... Re8 $11) 45. Kf4 (45. a4 $1 $16) 45... Re8 46. Kg3 Re3+ {Whites escaped into a draw. Accuracy: White = 61%, Black = 67%.} 1/2-1/2

[Event "32nd GER-ch Seniors-65 2020"]
[Site "Magdeburg"]
[Date "2020.08.21"]
[Round "8.5"]
[White "Cichy, Michael"]
[Black "Khanukov, Boris"]
[Result "0-1"]
[WhiteElo "2038"]
[BlackElo "2291"]
[Annotator "TA"]
[PlyCount "100"]
[EventDate "2020.08.14"]
[EventType "swiss"]
[EventCountry "GER"]
[SourceTitle "playchess.com"]
[Source "ChessBase"]
[SourceQuality "1"]

{[%evp 9,100,8,34,37,33,35,35,0,6,8,2,18,39,39,56,69,75,75,80,37,22,24,33,10,29,26,25,25,29,19,39,0,33,0,4,0,0,-29,-39,-34,-35,-39,-36,-35,0,-40,-26,-43,-47,-40,-26,-26,0,-6,0,0,0,-39,0,-53,-52,-60,-57,-210,-177,-271,-274,-327,-191,-255,-222,-376,-377,-476,-349,-400,0,-475,-468,-587,-566,-537,-459,-390,-308,-441,-429,-544,-535,-510,-508,-475,-464]} 1. d4 Nf6 2. Nf3 e6 3. c4 b6 4. g3 Ba6 5. Qc2 Bb4+ 6. Bd2 {E15: Queen's Indian: 4 g3 sidelines, 4 g3 Ba6 and 4 g3 Bb7 early deviations.} Be7 7. e4 d5 8. e5 {White is slightly better.} Ne4 9. cxd5 Bxf1 10. Kxf1 exd5 11. Kg2 O-O 12. Nc3 Nxd2 13. Qxd2 c6 {[#]} 14. Rae1 $146 ({Predecessor:} 14. Qd3 Re8 15. Rac1 Nd7 16. Ne2 Rc8 17. Nd2 Nf8 18. f4 Qd7 19. Nf3 c5 20. dxc5 bxc5 {1-0 (39) Schoppen,C (2432)-Roeder,M (2395) Santa Cruz de La Palma 2017}) 14... Na6 {[%cal Bb8a6,Ba6c7,Bc7e6][%mdl 32]} 15. h4 Nc7 16. Nh2 c5 17. f4 Qd7 18. Nf3 Rad8 19. Qd3 f5 20. h5 Ne6 (20... c4 $5 {[%cal Rc4d3]} 21. Qd2 h6 $14) 21. Ne2 c4 22. Qb1 b5 23. Nh4 Bxh4 24. Rxh4 Qe7 25. Reh1 $1 b4 26. g4 Qf7 (26... fxg4 $5 {[%cal Re6f4]} 27. f5 (27. Rxg4 Qf7 $11) 27... Qg5 28. fxe6 Qe3 $11) 27. g5 Qc7 28. g6 h6 $1 29. Qc2 Qb6 30. Rd1 Rc8 31. Rh3 Qb5 32. Rf3 a5 33. Ng3 b3 34. Qb1 (34. axb3 $11 cxb3 35. Qxb3 Nxf4+ 36. Kh1 Qxb3 37. Rxb3) 34... bxa2 35. Qxa2 Rb8 $36 {[%mdl 2048] Black has some pressure.} 36. Rd2 $2 {[#] White is on the road to losing.} (36. Rf2 $15) 36... Qb4 $19 37. Rdf2 (37. Nf1 $142) 37... Nxd4 38. Ra3 Rb5 (38... Nb3 $142 {White must now prevent ...d4.} 39. Ra4 Qc5) 39. Ra4 Qc5 40. Qa1 $2 (40. Qa3 {was necessary.}) 40... Ne6 41. Qc1 Rb4 42. Qa1 Rb5 43. Qc1 $1 Rb3 44. Rf3 Rxf3 45. Kxf3 Nd4+ 46. Kg2 Nb3 47. Qc3 (47. Qe1 $142 d4 48. e6 Qd5+ 49. Kh2) 47... Qc6 {Black is clearly winning.} 48. Ra3 {[#] Rxb3 is the strong threat.} d4+ 49. Qf3 Qxf3+ 50. Kxf3 {intending Ke2.} d3 {Accuracy: White = 51%, Black = 82%.} 0-1

[Event "32nd GER-ch Seniors-65 2020"]
[Site "Magdeburg"]
[Date "2020.08.21"]
[Round "8.6"]
[White "Buchal, Stephan"]
[Black "Krauseneck, Peter"]
[Result "1-0"]
[WhiteElo "2280"]
[BlackElo "2120"]
[Annotator "TA"]
[PlyCount "119"]
[EventDate "2020.08.14"]
[EventType "swiss"]
[EventCountry "GER"]
[SourceTitle "playchess.com"]
[Source "ChessBase"]
[SourceQuality "1"]

{[%evp 15,119,10,14,0,0,0,0,0,0,5,0,12,13,19,14,27,50,23,15,33,37,33,33,11,21,13,23,0,20,41,25,24,20,15,44,53,72,51,69,71,57,39,74,53,70,49,69,66,70,55,70,56,73,63,88,84,124,79,227,240,235,221,206,219,268,263,279,263,313,259,250,252,227,236,468,376,964,930,1197,1112,1744,1673,6207,6207,6214,23,6214,6207,6203,2046,29974,29977,29977,29980,29981,29978,29981,29982,29985,29986,29990,29988,29991,29992,29992,29993]} 1. c4 e5 2. g3 f5 3. Bg2 Nf6 4. e3 d6 5. Nc3 c6 6. Nge2 Be7 7. O-O O-O 8. d3 Be6 9. f4 {A21: English Opening: 1...e5 2 Nc3.} Nbd7 10. b3 Rc8 {[#]} 11. Qd2 $146 {The position is equal.} ({Predecessor:} 11. h3 a6 12. fxe5 dxe5 13. d4 Bb4 14. Bb2 g6 15. d5 cxd5 16. Nxd5 Nxd5 17. Bxd5 {½-½ (35) Bakic,R (2445)-Kovacevic,P (2390) Niksic 1996}) 11... Qe8 12. Bb2 Qh5 13. Rae1 Rfd8 14. Ba3 {Hoping for fxe5.} Bf8 15. e4 Qh6 16. Bc1 fxe4 17. Nxe4 Nxe4 18. dxe4 Bg4 19. Qc2 Qh5 20. Nc3 Nf6 21. Nd1 Bh3 22. Bxh3 Qxh3 23. Nf2 Qh5 24. Qe2 Qe8 25. Bb2 Rd7 26. Qf3 Rf7 27. Re2 Nd7 28. Nd3 Qe6 29. Qg2 g6 30. f5 gxf5 31. Qh3 $1 Qh6 32. Qxh6 Bxh6 33. exf5 Bg7 34. g4 Bf6 {Black is on the road to losing.} 35. Bc1 Rg7 36. Rg2 Bg5 (36... Bd8 $16) 37. Bxg5 $18 Rxg5 38. h4 Rg7 39. g5 Rf7 {[#]} 40. f6 $1 d5 41. Rf5 Re8 42. Re2 dxc4 43. bxc4 {[%cal Bb3c4,Bc4c5][%mdl 32]} e4 44. Nf2 Nb6 $2 (44... h6 45. Nxe4 (45. Rxe4 Rxe4 46. Nxe4 hxg5 $18) 45... hxg5 46. hxg5 Re6) 45. c5 e3 $2 (45... Nd5 46. Rxe4 Rd8) 46. cxb6 exf2+ 47. Rfxf2 Rxe2 48. Rxe2 {White wants to mate with Re8+.} axb6 {[%mdl 4096] Endgame KR-KR} 49. Re8+ Rf8 50. Rxf8+ Kxf8 {[#] KP-KP} 51. a4 $1 Kf7 52. Kf2 h6 53. Ke3 {White mates.} hxg5 54. hxg5 {K3P-K3P} Ke6 55. Kf4 c5 56. Ke4 Kf7 57. Kf5 Kg8 58. g6 Kf8 59. Ke6 c4 60. f7 {Accuracy: White = 94%, Black = 56%.} 1-0

[Event "32nd GER-ch Seniors-65 2020"]
[Site "Magdeburg"]
[Date "2020.08.21"]
[Round "8.7"]
[White "Braeunlin, Herbert"]
[Black "Syre, Christian"]
[Result "0-1"]
[WhiteElo "2031"]
[BlackElo "2222"]
[Annotator "TA"]
[PlyCount "96"]
[EventDate "2020.08.14"]
[EventType "swiss"]
[EventCountry "GER"]
[SourceTitle "playchess.com"]
[Source "ChessBase"]
[SourceQuality "1"]

{[%evp 16,96,-47,-26,-11,-45,0,-39,-11,-11,0,-60,-13,-21,0,-11,25,11,2,0,0,-14,-21,-65,-19,-21,77,-296,0,-76,-77,-350,-94,-87,206,210,179,-114,-103,-240,-145,-107,-45,-40,0,-6,0,0,0,0,0,0,0,-560,0,-23,-14,-160,-160,-153,-158,-153,-149,-231,-65,-134,-122,-140,-110,-185,-193,-453,-447,-477,-262,-524,-516,-497,-479,-5732,-7254,-1442,-1387]} 1. e4 c5 2. Nf3 Nc6 3. d4 cxd4 4. Nxd4 e5 5. Nb3 Nf6 6. Nc3 Bb4 7. Bc4 O-O 8. O-O Bxc3 9. bxc3 d6 {B33: Sicilian: Pelikan and Sveshnikov Variations.} 10. Ba3 Ne8 11. f4 exf4 {Black is slightly better.} 12. Rxf4 Ne5 13. Bd5 {[#]} (13. Qd4 $11) 13... Rb8 $146 ({Predecessor:} 13... Nf6 14. Qd4 Nxd5 15. exd5 b6 16. Nd2 Ba6 17. Qa4 Bb7 18. Ne4 Bxd5 19. Rd1 Bxe4 20. Qxe4 {0-1 (53) Mitkov,N (2370)-Nikcevic,N (2440) Kladovo 1991}) 14. Qd4 b6 15. Raf1 Qe7 16. Nd2 Ba6 $36 {[%mdl 2048] Black is pushing.} 17. R1f2 Nf6 18. Rxf6 gxf6 19. Bb3 Rfd8 20. Nf3 Nc6 (20... Kh8 $11) 21. Qa4 $2 {[%mdl 8192]} (21. Qe3 $16 {keeps the pressure on.}) 21... Na5 $2 ({Better is} 21... b5 $1 $19 {[%cal Rb5a4]} 22. Qxa6 Rb6 23. Qxb6 axb6) 22. Nh4 (22. e5 $11 {remains equal.} fxe5 23. Nh4 Nxb3 24. Nf5) 22... Qe5 $17 23. Bb2 $2 {[%mdl 8192] [#]} (23. Qd4 $17) 23... Rbc8 $2 (23... d5 $1 $19 {[%cal Rd5e4]} 24. Rf5 (24. Bxd5 Rxd5) 24... Qxe4 25. Qxe4 dxe4) 24. Rf5 Bb5 $2 {[%mdl 8192]} (24... Qe7 $17 {and life is bright. White must now prevent ...Bc4.} 25. Qd4 Nxb3 26. axb3 d5 $1 {[%mdl 512]}) 25. Qxb5 $18 ({Don't play} 25. Qb4 $6 Qe8 $16) 25... Qxe4 26. Qb4 $2 (26. Qd5 $18 Qe1+ 27. Rf1 Qe3+ 28. Kh1 Nxb3 29. axb3) 26... Nc4 $17 27. Nf3 (27. g3 $17 {was the only defense.} a5 28. Qb5 Nxb2 29. Rxf6 Qe3+ 30. Kg2) 27... Qxf5 28. Bxc4 Qc5+ (28... Qxc2 $17 {Threatens to win with ...Rxc4!} 29. Bf1 Rc5) 29. Qxc5 $15 Rxc5 (29... bxc5 {is more complex.} 30. Ba3 Rb8 31. Nd2 d5 32. Be2 c4) 30. Bd3 d5 31. Kf2 Ra5 32. a3 Ra4 33. Nd4 Rc8 34. Bb5 $2 {[%mdl 8192] [#]} (34. g3 $11 {and White has nothing to worry.}) 34... Ra5 $2 (34... Rxd4 $1 $19 {[%mdl 512]} 35. cxd4 Rxc2+ {[%mdl 64] Double Attack} 36. Kf3 Rxb2) 35. a4 a6 {[%cal Ba7a6,Ba6b5][%mdl 32]} 36. Nc6 (36. Bc6 $1 $11) 36... axb5 $17 37. Ne7+ Kg7 38. Nxc8 bxa4 {And now ...a3 would win.} 39. Ba3 {[#]} (39. Nxb6 $17 {is a better defense.} a3 40. Bxa3 Rxa3 41. Nxd5) 39... Rb5 $2 (39... Rc5 $1 $19 {[%cal Rc5c3][%mdl 512]} 40. Nxb6 (40. Bxc5 $2 bxc5 41. Ne7 a3 $19) 40... Rxc3 {[%mdl 64] Double Attack}) 40. Ke3 ({White should play} 40. Nd6 $15 Rb1 41. Bb4) 40... Rb1 41. Nd6 Rg1 42. c4 (42. g3 $17) 42... dxc4 $19 ({Wrong is} 42... Rxg2 $2 43. Nf5+ Kh8 44. cxd5 $18) 43. Nxc4 $2 (43. g3 {keeps fighting.}) 43... Rxg2 {[%mdl 64] Double Attack} 44. c3 Ra2 (44... Rxh2 $142 45. Nxb6 h5) 45. Be7 $2 (45. Bd6 {is the only way for White.}) 45... b5 {Black is clearly winning.} 46. Na3 Rxh2 47. Nxb5 (47. Kf4 $142 Rf2+ 48. Kg4) 47... Rh5 48. c4 Re5+ {[%mdl 64] Double Attack. Accuracy: White = 29%, Black = 44%.} 0-1

[Event "32nd GER-ch Seniors-65 2020"]
[Site "Magdeburg"]
[Date "2020.08.21"]
[Round "8.8"]
[White "Boidman, Yuri"]
[Black "Vasiljev, Jurij"]
[Result "1-0"]
[WhiteElo "2328"]
[BlackElo "1968"]
[Annotator "ChessBase"]
[PlyCount "67"]
[EventDate "2020.08.14"]
[EventType "swiss"]
[EventCountry "GER"]
[SourceTitle "playchess.com"]
[Source "ChessBase"]
[SourceQuality "1"]
[TimeControl "40/5400+30:1800+30"]

1. e4 {[%emt 0:00:02]} c5 {[%emt 0:00:00]} 2. Nf3 {[%emt 0:00:11]} d6 {[%emt 0:00:04]} 3. d4 {[%emt 0:00:10]} cxd4 {[%emt 0:00:09]} 4. Qxd4 {[%emt 0:00:06]} Nc6 {[%emt 0:01:10]} 5. Bb5 {[%emt 0:00:11]} Bd7 {[%emt 0:00:14]} 6. Bxc6 {[%emt 0:00:08]} Bxc6 {[%emt 0:00:21]} 7. Nc3 {[%emt 0:00:07]} Nf6 {[%emt 0:01:32]} 8. Bg5 {[%emt 0:00:08]} e5 {[%emt 0:01:24]} 9. Qd3 {[%emt 0:00:18]} h6 {[%emt 0:03:03]} 10. Bxf6 {[%emt 0:00:23]} Qxf6 {[%emt 0:00:13]} 11. Nd5 {[%emt 0:01:43]} Qd8 {[%emt 0:01:06]} 12. O-O-O {[%emt 0:00:35]} Rc8 {[%emt 0:00:45]} 13. Kb1 {[%emt 0:00:20]} Bxd5 {[%emt 0:00:55]} 14. Qxd5 {[%emt 0:00:29]} Qc7 {[%emt 0:00:12]} 15. Qb5+ {[%emt 0:03:51]} Qc6 {[%emt 0:00:18]} 16. Qxc6+ {[%emt 0:01:53]} Rxc6 {[%emt 0:00:31]} 17. b3 {[%emt 0:01:50]} Be7 {[%emt 0:00:31]} 18. Nd2 {[%emt 0:00:34]} O-O {[%emt 0:01:35]} 19. Nf1 {[%emt 0:03:20]} Rfc8 {[%emt 0:03:21]} 20. c4 {[%emt 0:00:27]} a6 {[%emt 0:00:23]} 21. Ne3 {[%emt 0:00:43]} b5 {[%emt 0:02:40]} 22. cxb5 {[%emt 0:00:33]} axb5 {[%emt 0:07:48]} 23. Rc1 {[%emt 0:00:28]} Kf8 {[%emt 0:07:22]} 24. Rxc6 {[%emt 0:00:33]} Rxc6 {[%emt 0:00:12]} 25. Rc1 {[%emt 0:00:13]} Rxc1+ {[%emt 0:03:43]} 26. Kxc1 {[%emt 0:00:08]} Bg5 {[%emt 0:03:08]} 27. Kc2 {[%emt 0:00:12]} Bxe3 {[%emt 0:03:16]} 28. fxe3 {[%emt 0:00:10]} Ke7 {[%emt 0:00:08]} 29. Kc3 {[%emt 0:00:34]} Kd7 {[%emt 0:00:17]} 30. Kb4 {[%emt 0:00:18]} Kc6 {[%emt 0:00:07]} 31. a4 {[%emt 0:01:23]} bxa4 {[%emt 0:00:14]} 32. bxa4 {[%emt 0:00:05]} f5 {[%emt 0:00:09]} 33. exf5 {[%emt 0:00:29]} d5 {[%emt 0:00:05]} 34. g4 {[%emt 0:00:44]} 1-0

[Event "32nd GER-ch Seniors-65 2020"]
[Site "Magdeburg"]
[Date "2020.08.21"]
[Round "8.9"]
[White "Brettschneider, Karl"]
[Black "Knaak, Joachim"]
[Result "0-1"]
[WhiteElo "2025"]
[BlackElo "2144"]
[Annotator "ChessBase"]
[PlyCount "44"]
[EventDate "2020.08.14"]
[EventType "swiss"]
[EventCountry "GER"]
[SourceTitle "playchess.com"]
[Source "ChessBase"]
[SourceQuality "1"]
[TimeControl "40/5400+30:1800+30"]

1. c4 {[%emt 0:00:00]} e5 {[%emt 0:00:00]} 2. Nc3 {[%emt 0:00:00]} Nf6 {[%emt 0:00:00]} 3. g3 {[%emt 0:00:22]} d5 {[%emt 0:00:12]} 4. cxd5 {[%emt 0:00:13]} Nxd5 {[%emt 0:00:03]} 5. Bg2 {[%emt 0:00:22]} Nb6 {[%emt 0:00:15]} 6. d3 {[%emt 0:02:42]} Be7 {[%emt 0:00:51]} 7. Nf3 {[%emt 0:00:56]} Nc6 {[%emt 0:00:15]} 8. O-O {[%emt 0:00:32]} O-O {[%emt 0:00:16]} 9. Nd2 {[%emt 0:04:37]} Be6 {[%emt 0:03:24]} 10. b3 {[%emt 0:04:12]} Qd7 {[%emt 0:01:58]} 11. Nc4 {[%emt 0:04:37]} Rad8 {[%emt 0:05:29]} 12. Bb2 {[%emt 0:04:49]} Bh3 {[%emt 0:02:37]} 13. Nxb6 {[%emt 0:12:52]} axb6 {[%emt 0:01:29]} 14. Nd5 {[%emt 0:03:16]} Bc5 {[%emt 0:13:49]} 15. Bxh3 {[%emt 0:18:45]} Qxh3 {[%emt 0:05:05]} 16. Nxc7 {[%emt 0:01:09]} Rd6 {[%emt 0:16:58]} 17. Bc1 {[%emt 0:00:15]} Nd4 {[%emt 0:02:23]} 18. a4 {[%emt 0:03:48]} Rfd8 {[%emt 0:07:24]} 19. Be3 {[%emt 0:07:51]} Nf5 {[%emt 0:05:02]} 20. Qd2 {[%emt 0:03:56]} Rg6 {[%emt 0:03:32]} 21. Bxc5 {[%emt 0:04:31]} Rh6 {[%emt 0:01:14]} 22. Qxh6 {[%emt 0:00:22]} Nxh6 {[%emt 0:00:54]} 0-1

[Event "32nd GER-ch Seniors-65 2020"]
[Site "Magdeburg"]
[Date "2020.08.21"]
[Round "8.10"]
[White "Walther, Reinhard"]
[Black "Kannenberg, Karl-Heinz"]
[Result "0-1"]
[WhiteElo "2027"]
[BlackElo "2128"]
[Annotator "TA"]
[PlyCount "60"]
[EventDate "2020.08.14"]
[EventType "swiss"]
[EventCountry "GER"]
[SourceTitle "playchess.com"]
[Source "ChessBase"]
[SourceQuality "1"]

{[%evp 14,60,0,-6,-8,-18,-11,-16,-6,-8,-8,-14,-12,-15,-9,-16,0,-19,-10,-12,-12,-45,-41,-43,-48,-45,-21,-448,389,-427,381,-539,794,247,706,-88,588,-79,-71,-166,24,-304,-217,-547,-552,-610,-662,-937,12]} 1. d4 d5 2. Bf4 e6 3. e3 c5 4. c3 Nf6 5. Nd2 Bd6 6. Bxd6 Qxd6 7. Ngf3 Nc6 8. Bd3 O-O {D02: 1 d4 d5 2 Nf3 sidelines, including 2...Nf6 3 g3 and 2...Nf6 3 Bf4.} 9. Qe2 e5 10. dxe5 Nxe5 {The position is equal.} 11. Nxe5 Qxe5 12. Nf3 Qe7 13. h3 Bd7 14. O-O Bc6 15. Rfe1 Rfe8 16. Rad1 a6 {[#]} 17. c4 $146 ({Predecessor:} 17. Qc2 h6 18. Qb1 b6 19. Bc2 Qb7 20. Nh4 Rad8 21. Rd2 Qe7 22. Qd1 g6 23. Nf3 {0-1 (42) Mirzazada,N (1706)-Dimitrova,A (2319) Sochi 2016}) 17... dxc4 18. Bxc4 b5 19. Bb3 Qb7 20. Ne5 $2 {[%mdl 8192]} (20. Bc2 $11 {and White has nothing to worry.}) 20... g6 $4 {[%mdl 8192]} (20... Rxe5 $19 21. f3 c4) 21. f3 $4 {[%mdl 8192]} (21. Bxf7+ $18 Kg7 22. Bxe8 Rxe8 23. Nxc6 Qxc6 24. Qd2) 21... Qe7 $4 {[%mdl 8192]} (21... Rxe5 $19 {and life is good for Black.} 22. e4 c4) 22. Qf2 $4 {[%mdl 8192]} ({Less strong is} 22. Nxc6 Qc7 $16) (22. Bxf7+ $18 {was the only winning move.} Kg7 23. Bxe8 Bxe8 24. f4) 22... Rad8 $4 {[%mdl 8192]} (22... Qxe5 $19 23. Rd2 c4) 23. Rxd8 $2 (23. Bxf7+ Qxf7 24. Nxf7 Kxf7 25. e4) 23... Rxd8 $2 (23... Qxe5 24. Rxe8+ Nxe8) 24. Qg3 $2 (24. Nxc6 $18 Qf8 25. Nxd8 Qxd8 26. Rd1) 24... Kh8 $2 {[%mdl 8192]} (24... Bd5 $17 {keeps the pressure on. aiming for ...Nh5.} 25. e4 Bxb3 26. axb3 Nh5) 25. Re2 $2 (25. Nxc6 $18 Qd6 26. Ne5) 25... Bd5 $17 26. Bc2 (26. Bxd5 $17 Rxd5 27. Ng4) 26... Bc4 $2 ({Black should play} 26... Nh5 $19 27. Qh2 f6) 27. Re1 $2 {[%mdl 8192]} (27. Nxc4 $11 {and White stays safe.} bxc4 28. Qh4) 27... Rd2 ({Weaker is} 27... Bxa2 28. Nc6 $17) 28. Bxg6 $2 (28. Rc1 Bxa2 29. Qe1 Rxc2 30. Nxg6+ $1 {[%mdl 512]} hxg6 31. Rxc2) 28... hxg6 $19 {Black is clearly winning.} 29. b3 Nh5 30. Qxg6 Nf6 $2 {[%mdl 32768] Accuracy: White = 19%, Black = 40%. . Loss on time!?} (30... fxg6 $2 31. Nxg6+ Kg7 32. Nxe7 $19) (30... Qxe5 $19 31. Qg4 Be2 32. Qc8+ {[#]} Kh7 $1 {[%mdl 512]}) 0-1

[Event "32nd GER-ch Seniors-65 2020"]
[Site "Magdeburg"]
[Date "2020.08.21"]
[Round "8.11"]
[White "Steingrobe, Udo"]
[Black "Krueger, Erich"]
[Result "1/2-1/2"]
[WhiteElo "2024"]
[BlackElo "2102"]
[Annotator "TA"]
[PlyCount "82"]
[EventDate "2020.08.14"]
[EventType "swiss"]
[EventCountry "GER"]
[SourceTitle "playchess.com"]
[Source "ChessBase"]
[SourceQuality "1"]

{[%evp 17,82,30,48,29,88,88,74,76,89,79,87,86,74,66,66,81,68,23,43,43,64,51,135,37,54,58,115,77,262,250,323,258,256,180,177,157,170,157,144,146,183,173,321,127,395,389,423,-117,-61,-237,-250,-253,-254,-226,-23,-1,0,0,0,0,0,0,0,0,0,0,0]} 1. d4 Nf6 2. c4 g6 3. Nc3 Bg7 4. e4 d6 5. Nf3 O-O 6. Be2 e5 7. O-O Na6 8. Be3 Ng4 {8...c6 is the hot move.} 9. Bg5 Qe8 10. Re1 {E94: King's Indian: Classical: 6 Be2 e5 7 0-0: Various Black 7th moves.} h6 (10... exd4 $11 11. Nd5 (11. Nxd4 Qe5 $11) 11... Bd7) 11. Bh4 $16 exd4 12. Nxd4 {White is better.} Qe5 13. Nf3 {[#]} ({Reject} 13. Bxg4 $6 Bxg4 14. Qxg4 Qxd4 $11) 13... Qa5 $146 ({Predecessor:} 13... Qc5 14. Nd2 Qd4 15. a3 g5 16. Bg3 f5 17. exf5 Bxf5 18. Nde4 Qxd1 19. Raxd1 Rae8 {½-½ (44) Winants,L (2504)-Bojkov,D (2520) France 2008}) 14. Rc1 Nf6 15. a3 g5 16. Bg3 Nh5 17. Qd2 Nxg3 18. hxg3 Bg4 19. Nd4 Bd7 (19... Qe5 $14) 20. Bd1 (20. Ndb5 $16) 20... Qe5 21. Nf3 Qf6 ({Black should try} 21... Qe6 $14) 22. b4 c6 $2 (22... Nb8 $16) 23. e5 $1 $18 {[%cal Re5f6]} Qg6 24. exd6 Rae8 25. c5 {Black must now prevent Re7.} Rxe1+ 26. Nxe1 Re8 27. Bc2 Qf6 28. Nf3 Nb8 (28... Qxc3 $2 29. Bh7+ $1 {[%mdl 512]} Kxh7 30. Rxc3 $18) 29. Ne4 Qb2 (29... Qe6 {keeps fighting.} 30. Re1 Qd5) 30. a4 $2 (30. Rb1 $1 $18 {[%cal Rb1b2] is the precise move to win.} Qxa3 31. Nfxg5 $1 {[%mdl 512]}) 30... g4 $2 {[%mdl 8192]} (30... Kf8 $16) 31. Rb1 Qa2 {[#]} 32. Bd3 $2 (32. Nf6+ $1 $18 {[%mdl 512]} Bxf6 {[#]} 33. Bh7+ $1 {[%mdl 576] Discovered Attack} Kxh7 34. Qxa2 gxf3 35. Qxf7+ {[%mdl 64] Double Attack} Bg7 36. gxf3) 32... Qd5 ({Better is} 32... Qxd2 $17 33. Nfxd2 f5) 33. Re1 $2 ({White should play} 33. Nc3 $1 $15 Bxc3 34. Qxc3 gxf3 35. gxf3) 33... gxf3 $19 34. gxf3 f5 35. Rc1 {Threatens to win with Bc4.} Kf8 $2 ({But not} 35... fxe4 $2 36. Bc4 $18) (35... Qd4 $19 36. Bc4+ Kf8 37. Qxd4 Bxd4) 36. Nc3 $1 $11 {[%cal Rc3d5]} Qxf3 {aiming for ...f4!The position is equal.} 37. Be2 Bxc3 38. Rxc3 Qxe2 39. Qxh6+ Kf7 {And now ...Qe1+ would win.} 40. Qh7+ Kf6 {Strongly threatening ...Qe1+.} 41. Qh6+ $1 Kf7 {What a bad dream for Black. Accuracy: White = 47%, Black = 45%.} 1/2-1/2